000 00569nam a22001577a 4500
999 _c534555
_d534555
020 _qHard Cover.
082 _a620.11
100 _aMujahid, Saba Naz
245 _aStudy of Mixing Ratio Effect on Physical & Mechanical Properties of Carbon Fiber-Phenolic Resin Composites /
_cSaba Naz Mujahid.
260 _aIslamabad;
_bSCME - NUST,
_c2016.
300 _a55 p. :
_bill. ;
_c30cm.
942 _2ddc
_cTHE
650 _aMaterial and Surface Engineering MS-Thesis.
_916443
700 _aDr. Ahmed Nawan Khan
_928770